[Event "Nis-ch"]
[Site "Nis"]
[Date "2006.09.01"]
[Round "8"]
[White "Ademovic, Bozidar"]
[Black "Pavlovic, Dragoljub"]
[Result "0-1"]
[WhiteElo "2101"]
[BlackElo "2246"]
[PlyCount "104"]
[EventDate "2006.08.25"]
[EventType "swiss"]
[EventRounds "8"]
[EventCountry "YUG"]
[SourceTitle "EXT 2023"]
[Source "ChessBase"]
[SourceDate "2022.10.05"]
[SourceVersion "1"]
[SourceVersionDate "2022.10.05"]
[SourceQuality "1"]

1. Nf3 Nf6 2. c4 e6 3. d4 b6 4. Nc3 Bb7 5. Bg5 Bb4 6. a3 Bxc3+ 7. bxc3 d6 8. e3 Nbd7 9. Be2 h6 10. Bh4 g5 11. Bg3 Ne4 12. Bd3 Qe7 13. Qc2 Nxg3 14. hxg3 0-0-0 15. Be4 Nf6 16. Bxb7+ Kxb7 17. a4 a5 18. Rb1 Ka7 19. Nd2 Nd7 20. Qe4 Rc8 21. Qc6 Nb8 22. Qb5 Nd7 23. Qc6 Nb8 24. Qf3 Rcf8 25. Nb3 c5 26. 0-0 Qb7 27. dxc5 dxc5 28. Qxb7+ Kxb7 29. Nxc5+ Kc6 30. Nb3 Nd7 31. Rfd1 Rd8 32. Nd4+ Kb7 33. Nb3 Kc7 34. Rd4 Nc5 35. Nxc5 bxc5 36. Rxd8 Rxd8 37. Rb5 Kc6 38. Kf1 Rd3 39. Rxa5 Rxc3 40. Ra7 Rxc4 41. Rxf7 Rxa4 42. Rf6 Kd5 43. Rxh6 c4 44. Rh8 Ra1+ 45. Ke2 Ra2+ 46. Ke1 Ra1+ 47. Ke2 Ra2+ 48. Kf3 g4+ 49. Kxg4 Rxf2 50. Rd8+ Kc5 51. e4 c3 52. Kh4 c2 0-1